| 000 | 00506nam a22001697a 4500 | ||
|---|---|---|---|
| 005 | 20241203135026.0 | ||
| 008 | 241203b |||||||| |||| 00| 0 eng d | ||
| 020 | _a0702118133 | ||
| 041 | _aEnglish/Afrikaans/ Latin | ||
| 082 | _a340.03 HIE | ||
| 100 | _lEnglish | ||
| 245 |
_aDrietalige Regswoordeboek / _cVG Hiemstra and HL Gonin |
||
| 260 |
_aKaapstad: _bJuta en Kie, Bpk, _c1986 |
||
| 300 |
_bxiii, 529 pages _c27 cm. |
||
| 650 |
_aLegal practice _bLaw |
||
| 942 |
_cBK _6ALISON_BN_VRIES |
||
| 999 |
_c3269 _d3269 |
||